00194 a2200085 4500001000700000040003500007240002900042245002400071440001300095155756 cEscola São Tomás de Aquino10aA turma da fazenda lpor10aA turma da fazenda  1aGirassol